00414nam a2200157Ia 4500003000400000008004100004040001600045082001300061100002300074245004500097260004200142300001000184490002500194650001500219650002200234GCL140319s9999 xx 000 0 eng d aGCL / cGCL04a843bM M1 aDE MAUPASSANT, GUY10aMADEMOISELLE FIFI / cDE MAUPASSANT, GUY a[S.N] : bLE LIVRE DE POCHE ، c1983 a151 P aLE LIVRE DE POCHEv004aLITERATURE04aFRENCH LITERATURE